<?xml version="1.0" encoding="UTF-8"?>
<record
    xmlns:xsi="http://www.w3.org/2001/XMLSchema-instance"
    xsi:schemaLocation="http://www.loc.gov/MARC21/slim http://www.loc.gov/standards/marcxml/schema/MARC21slim.xsd"
    xmlns="http://www.loc.gov/MARC21/slim">

  <leader>00733nam a2200169Ia 4500</leader>
  <controlfield tag="008">090711s9999    xx            000 0 und d</controlfield>
  <datafield tag="082" ind1=" " ind2=" ">
    <subfield code="b">1199</subfield>
  </datafield>
  <datafield tag="100" ind1=" " ind2=" ">
    <subfield code="a">&#x92D;&#x93E;&#x924;&#x916;&#x902;&#x921;&#x947; &#x935;&#x93F;&#x937;&#x94D;&#x923;&#x941; &#x928;&#x93E;.</subfield>
  </datafield>
  <datafield tag="245" ind1=" " ind2=" ">
    <subfield code="a">&#x939;&#x93F;&#x902;&#x926;&#x941;&#x938;&#x94D;&#x925;&#x93E;&#x928;&#x940; &#x938;&#x902;&#x917;&#x940;&#x924; &#x92A;&#x926;&#x94D;&#x927;&#x924;&#x940; (&#x916;&#x902;&#x921; 2)</subfield>
  </datafield>
  <datafield tag="260" ind1=" " ind2=" ">
    <subfield code="b">&#x92A;&#x949;&#x92A;&#x94D;&#x92F;&#x941;&#x932;&#x930; &#x92A;&#x94D;&#x930;&#x915;&#x93E;&#x936;&#x928;</subfield>
    <subfield code="c">1995</subfield>
  </datafield>
  <datafield tag="300" ind1=" " ind2=" ">
    <subfield code="a">389</subfield>
  </datafield>
  <datafield tag="600" ind1=" " ind2=" ">
    <subfield code="a">&#x92D;&#x93E;&#x924;&#x916;&#x902;&#x921;&#x947; &#x935;&#x93F;&#x937;&#x94D;&#x923;&#x941; &#x928;&#x93E;.</subfield>
  </datafield>
  <datafield tag="630" ind1=" " ind2=" ">
    <subfield code="a">&#x939;&#x93F;&#x902;&#x926;&#x941;&#x938;&#x94D;&#x925;&#x93E;&#x928;&#x940; &#x938;&#x902;&#x917;&#x940;&#x924; &#x92A;&#x926;&#x94D;&#x927;&#x924;&#x940; (&#x916;&#x902;&#x921; 2)</subfield>
  </datafield>
  <datafield tag="700" ind1=" " ind2=" ">
    <subfield code="a">&#x92D;&#x93E;&#x924;&#x916;&#x902;&#x921;&#x947; &#x935;&#x93F;&#x937;&#x94D;&#x923;&#x941; &#x928;&#x93E;.</subfield>
  </datafield>
  <datafield tag="730" ind1=" " ind2=" ">
    <subfield code="a">&#x939;&#x93F;&#x902;&#x926;&#x941;&#x938;&#x94D;&#x925;&#x93E;&#x928;&#x940; &#x938;&#x902;&#x917;&#x940;&#x924; &#x92A;&#x926;&#x94D;&#x927;&#x924;&#x940; (&#x916;&#x902;&#x921; 2)</subfield>
  </datafield>
  <datafield tag="942" ind1=" " ind2=" ">
    <subfield code="c">BOOK</subfield>
  </datafield>
  <datafield tag="999" ind1=" " ind2=" ">
    <subfield code="c">336173</subfield>
    <subfield code="d">336173</subfield>
  </datafield>
</record>
